=LDR 00000nam 2200000 4500 =001 INLIS000000000006067 =005 20130612094234 =008 ***********************************Ind** =035 ##$$0010-061300000006067 =041 ##$$a Ind =082 ##$$a 297.326 =090 ##$$a 297.326, Gaz m =100 ##$$a Gazalba, Sidi =245 ##$$a Masjid pusat ibadah dan kebudayaan Islam, Drs. Sidi Gazalba =260 ##$$a 1994 $b Jakarta =300 ##$$a xx, 413 hlm., Ilus., 21 cm =650 ##$$a Masjid =850 ##$$a NBPNMAT